|
|
|
|
| LEADER |
01479nam a2200373 a 4500 |
| 001 |
28565 |
| 003 |
BD-DhAAL |
| 005 |
20150128111429.0 |
| 008 |
141204r20041992enka b 001 0 eng |
| 010 |
|
|
|a 92011690
|
| 020 |
|
|
|a 0521411688 (hardback)
|
| 020 |
|
|
|a 0521604443 (paperback)
|
| 040 |
|
|
|a DLC
|c DLC
|d DLC
|d BD-DhAAL
|
| 043 |
|
|
|a e-uk---
|a a------
|
| 050 |
0 |
0 |
|a PR129.A78
|b L4 1992
|
| 082 |
0 |
0 |
|a 820.9/325
|2 20
|
| 100 |
1 |
|
|a Leask, Nigel,
|d 1958-
|9 6539
|
| 245 |
1 |
0 |
|a British romantic writers and the East :
|b anxieties of empire /
|c Nigel Leask.
|
| 260 |
|
|
|a Cambridge ;
|a New York, NY, USA :
|b Cambridge University Press,
|c 1992.
|
| 300 |
|
|
|a xvi, 266 p. :
|b ill. ;
|c 24 cm.
|
| 490 |
|
0 |
|a Cambridge studies in Romanticism
|
| 504 |
|
|
|a Includes bibliographical references (p. 229-257) and index.
|
| 541 |
|
|
|e 28565
|
| 650 |
|
0 |
|a English literature
|x Asian influences.
|9 6540
|
| 650 |
|
0 |
|a English literature
|y 19th century
|x History and criticism.
|9 6533
|
| 650 |
|
0 |
|a East and West in literature.
|9 6541
|
| 650 |
|
0 |
|a Romanticism
|z Great Britain.
|9 6536
|
| 650 |
|
0 |
|a Imperialism in literature.
|9 5625
|
| 650 |
|
0 |
|a Exoticism in literature.
|9 6542
|
| 651 |
|
0 |
|a Orient
|x In literature.
|9 6543
|
| 651 |
|
0 |
|a Asia
|x In literature.
|9 6544
|
| 942 |
|
|
|2 ddc
|c BK
|
| 999 |
|
|
|c 33215
|d 33215
|
| 952 |
|
|
|0 0
|1 0
|2 ddc
|4 0
|6 820_932500000000000_LEA
|7 0
|9 44333
|a BRACUL
|b BRACUL
|c GEN
|d 2014-12-04
|e Trim Education
|g 4675.00
|l 1
|m 2
|o 820.9325 LEA
|p 3010028565
|r 2023-10-08
|s 2023-09-20
|t 1
|w 2014-12-04
|y BK
|